ARRUPE JESUIT UNIVERSITY

CORONAVIRUS -STOP THE SPREAD - CLEAN,DISINFECT,COVER

Fighters / (Record no. 125466)

MARC details
000 -LEADER
fixed length control field 00809nam a2200265 i 4500
001 - CONTROL NUMBER
control field 3705620
003 - CONTROL NUMBER IDENTIFIER
control field ARRUPE
005 - DATE AND TIME OF LATEST TRANSACTION
control field 20161007115403.0
008 - FIXED-LENGTH DATA ELEMENTS--GENERAL INFORMATION
fixed length control field 790529s1978 enka 000 0 eng
010 ## - LIBRARY OF CONGRESS CONTROL NUMBER
LC control number 79305650
015 ## - NATIONAL BIBLIOGRAPHY NUMBER
National bibliography number GB78-37762
020 ## - INTERNATIONAL STANDARD BOOK NUMBER
International Standard Book Number 0600336204 :
Terms of availability £4.95
040 ## - CATALOGING SOURCE
Original cataloging agency DLC
Transcribing agency DLC
Modifying agency DLC
050 00 - LIBRARY OF CONGRESS CALL NUMBER
Classification number L UG1242.F5
082 00 - DEWEY DECIMAL CLASSIFICATION NUMBER
Classification number 623.74/64/0904
300 ## - PHYSICAL DESCRIPTION
Other physical details ill. (some col.) ;
Dimensions 29 cm.
100 1# - MAIN ENTRY--PERSONAL NAME
Personal name Gunston, Bill.
9 (RLIN) 26595
245 10 - TITLE STATEMENT
Title Fighters /
Remainder of title profiles of major combat aircraft in aviation history
Statement of responsibility, etc by Bill Gunston.
260 ## - PUBLICATION, DISTRIBUTION, ETC. (IMPRINT)
Place of publication, distribution, etc New York :
Name of publisher, distributor, etc Hamlyn,
Date of publication, distribution, etc 1978.
300 ## - PHYSICAL DESCRIPTION
Extent 160 p.;
490 0# - SERIES STATEMENT
Series statement Classic aircraft
650 #0 - SUBJECT ADDED ENTRY--TOPICAL TERM
Topical term or geographic name as entry element Fighter planes
General subdivision History.
9 (RLIN) 26596
650 #0 - SUBJECT ADDED ENTRY--TOPICAL TERM
Topical term or geographic name as entry element Air warfare
General subdivision History.
9 (RLIN) 26597
906 ## - LOCAL DATA ELEMENT F, LDF (RLIN)
a 7
b cbc
c orignew
d 4
e ncip
f 19
g y-gencatlg
942 ## - ADDED ENTRY ELEMENTS (KOHA)
Source of classification or shelving scheme Library of Congress Classification
Koha item type Monograph ( Printed materials)
Holdings
Withdrawn status Lost status Source of classification or shelving scheme Damaged status Not for loan Collection code Home library Current library Shelving location Date acquired Total Checkouts Full call number Barcode Date last seen Price effective from Koha item type
    Library of Congress Classification     Main Collection ARRUPE LIBRARY ARRUPE LIBRARY Main Collection 07/10/2016   L UG1242.F5 46500020831 07/10/2016 07/10/2016 Monograph ( Printed materials)

 

Arrupe Library. PO Box MP320 Mt Pleasant, Harare, Zimbabwe
263 242 745411|librarian@aju.ac.zw